| 000 | 004380000a22001570004500 | ||
|---|---|---|---|
| 090 |
_aAR _b00181 |
||
| 245 | 1 | 0 | _aÜber den kapkrallenfrosch, Xenopus gilli |
| 650 | 1 | 4 |
_aAnfibios _992768 |
| 650 | 1 | 4 |
_aFauna _992594 |
| 650 | 1 | 4 |
_aTerrarios _927000 |
| 653 |
_gXenopus _eXenopus gilli |
||
| 041 | 0 | _aAlemán | |
| 100 | 1 |
_aMertens, Robert _993053 |
|
| 942 | _cARTICULO | ||
| 773 | 1 |
_tDie Aquarien-Und Terrarien-Zeitschrift _386 _h21-23 _q1-3 _d1970 _g1 |
|
| 999 |
_c9282 _d9282 |
||